Statistics for Countries That Eat Another Countries

Click here to take the quiz!

General Stats

  • This quiz has been taken 19 times
  • The average score is 16 of 18

Answer Stats

The eaten countryAnswer% Correct
ParaguayBolivia
100%
BangladeshIndia
100%
ParaguayArgentina
94%
Bosnia & HerzegovinaCroatia
94%
MoldovaUkraine
94%
NorwayFinland
89%
Czech RepublicGermany
89%
MexicoGuatemala
89%
UzbekistanKyrgyzstan
89%
BrazilPeru
89%
EthiopiaSomalia
89%
EswatiniSouth Africa
89%
LaosVietnam
89%
Saudi ArabiaJordan
83%
GambiaSenegal
83%
MalawiMozambique
78%
TajikistanAfghanistan
72%
D.R. CongoZambia
67%

Score Distribution

Percentile by Number Answered

Percent of People with Each Score

Your Score History

You have not taken this quiz